zpět

Detail výsledku týmu

ZÓNA 59, Brno

Datum a čas kvízu

31 Celkem bodů Celkový počet nahraných bodů na tomto kvízu bez doplňovacích otázek.
4. Pořadí na kvízu Konečné umístění týmu na tomto kvízu.

Zaznamenané odpovědi

# Otázka Odpověď Body Výsledky
1. Úřad jednoho města v okrese Pr... 1
2. Bývalý ukrajinský prezident by... 1
3. V minulých dnech bylo podepsán... 0
4. Andrej Babiš se na zasedání Sv... 1
5. První vítězství ve světovém po... 1
21. Nejdelší had na světě chovaný... 1
22. Tento živočich z řádu krokodýl... 1
23. Několik druhů chameleonů (např... 1
24. Jak se nazývá tento živočich?... 1
25. Kteří dva herci ztvárnili dvě... 0